| 000 | 01104nam a2200229Ia 4500 | ||
|---|---|---|---|
| 001 | L235-7648 | ||
| 003 | IT-CnALBA | ||
| 008 | 170116s9999||||xx |||||||||||||| ||und|| | ||
| 040 |
_aIT-CnALBA _cIT-CnALBA |
||
| 041 | _aITALIANO | ||
| 100 | _aS. M., PRETE DELLA MISSIONE | ||
| 245 | 0 | _aGLI ESERCIZI PREPARATORI ALLA COSACRAZIONE ALLA MADONNA E LA GIORNATA CON MARIA. | |
| 250 | _a2a ed. | ||
| 260 |
_a ROMA, CASALE MONF. _bPROPAGANDA MARIANA _c1938 [1° Ed.:1935] |
||
| 300 | _a100 p. (prefazione: 3) | ||
| 500 | _aAUTOCONOSCENZA. DI MARIA. DI CRISTO. PREGHIERA. MEDITAZIONE LETTURA. ESERCIZI SPIRITUALI. RITIRO MENSILE. CON MARIA. CONFESSIONE LAVORO STUDIO PREGHIERE. RIPOSO. VITA CON MARIA. | ||
| 501 | _aSocietà San Paolo EM - Piazza San Paolo, 14 - 12051 ALBA (CN) (non commercial uses only) ® Copyright 2017 | ||
| 520 | _aAUTOCONOSCENZA. DI MARIA. DI CRISTO. PREGHIERA. MEDITAZIONE LETTURA. ESERCIZI SPIRITUALI. RITIRO MENSILE. CON MARIA. CONFESSIONE LAVORO STUDIO PREGHIERE. RIPOSO. VITA CON MARIA. | ||
| 650 | _aMARIA SS. ANGELI SANTI DEMONI | ||
| 942 | _cBK | ||
| 957 | _71 | ||
| 999 |
_a8624 _bSI _g Copie: 1 _c266830 _d266830 |
||